Statistics for Pictures by Letter - C

Click here to take the quiz!

General Stats

  • This quiz has been taken 23,404 times
  • The average score is 11 of 16

Answer Stats

Answer% Correct
Cobra
97%
Canyon
93%
Champagne
93%
Cello
91%
Corset
87%
Cyclops
85%
Canary
79%
Compass
73%
Churro
72%
Cherub
63%
Casablanca
61%
Coward
61%
Cardinal
60%
Clove
54%
Caboose
44%
Catalonia
25%

Score Distribution

Percentile by Number Answered

Percent of People with Each Score

Your Score History

You have not taken this quiz